[Event "SK Bocholt 1 - SC Rochade Emsdetten 1"]
[Site "Regionalliga, Gr. 1 2022/2023"]
[Date "2023.02.04"]
[Round "6.7"]
[White "Peters, Tobias"]
[Black "Steiner, Karl"]
[Result "0-1"]
[WhiteElo "1612"]
[BlackElo "1860"]
[PlyCount "50"]
[EventDate "2023.??.??"]
[SourceTitle "Verband Muensterland"]
[SourceDate "2023.02.22"]
[SourceVersion "1"]
[SourceVersionDate "2023.02.22"]
[SourceQuality "1"]
[WhiteTeam "SC Rochade Emsdetten 1"]
[BlackTeam "SK Bocholt 1"]

1. e4 d5 2. exd5 Qxd5 3. Nc3 Qa5 4. Bc4 Nf6 5. d3 Bg4 6. f3 Bh5 7. Bd2 c6 8.
Qe2 e6 9. g4 Bg6 10. f4 Be7 11. O-O-O h5 12. Bxe6 fxe6 13. Qxe6 Qc7 14. g5 Bf7
15. Qe2 Nd5 16. f5 Nd7 17. Nf3 O-O-O 18. Rhf1 Rhe8 19. Ne4 Nc5 20. Qf2 Qb6 21.
Qh4 Nxe4 22. dxe4 Ne3 23. e5 Nxf1 24. Rxf1 Qa6 25. Re1 Qxa2 0-1

[Event "SK Bocholt 1 - SC Rochade Emsdetten 1"]
[Site "Regionalliga, Gr. 1 2022/2023"]
[Date "2023.02.04"]
[Round "6.8"]
[White "Burike, Christian"]
[Black "Gatterdam, Karl Heinz"]
[Result "1-0"]
[WhiteElo "1734"]
[BlackElo "1692"]
[PlyCount "63"]
[EventDate "2023.??.??"]
[SourceTitle "Verband Muensterland"]
[SourceDate "2023.02.22"]
[SourceVersion "1"]
[SourceVersionDate "2023.02.22"]
[SourceQuality "1"]
[WhiteTeam "SK Bocholt 1"]
[BlackTeam "SC Rochade Emsdetten 1"]

1. d4 d5 2. Nf3 Nf6 3. e3 e6 4. Bd3 c5 5. c3 Nbd7 6. Nbd2 b6 7. O-O Bb7 8. Qe2
Ne4 9. Ne5 Bd6 10. f4 O-O 11. Ndf3 f5 12. Bd2 Nxd2 13. Qxd2 Nf6 14. Qe2 Ne4 15.
g4 c4 16. Bc2 b5 17. a3 a5 18. gxf5 exf5 19. Qg2 b4 20. axb4 axb4 21. Bxe4 fxe4
22. Ng5 Rf6 23. Kh1 Rxa1 24. Rxa1 Bxe5 25. dxe5 Rg6 26. Qh3 Rh6 27. Qf5 Qe8 28.
Ra7 Bc6 29. e6 Qh5 30. Qf7+ Qxf7 31. exf7+ Kf8 32. Rc7 1-0